01429agaaa2200277 45000010005000000030009000050050017000140070009000310080040000400400023000800410013001031000048001161300047001642450186002112500022003972600126004193000033005455080083005785200208006615380016008695460013008856500075008987000056009737000060010297000062010895155IT-RoPAU20220918181229.0d cvaizq50131s9999||||xx ||| | || ||und|| aIT-RoPAUcIT-RoPAU aITALIANO aZardetto MaurogCodice regista SPICS: 29723 aSIAMO COME L'ERBA CHE GERMOGLIA AL MATTINO aSIAMO COME L'ERBA CHE GERMOGLIA AL MATTINOcProdotto da: Zardetto Mauro Diretto da: Zardetto MauropSIAMO COME L'ERBA CHE GERMOGLIA AL MATTINO (Rif. Codice opera principale : 85155) aEdizione Standard aROMA (ITALIA)bSAMPAOLO FILM AUDIOVISIVI / Distribuzione: MASTER VIDEOg"1989? (1° ed.: 1989 ; Ed. Lingua Orig.: 1989?)" aVHSbsonoro, col.c30 minuti a"Fotografia: Lotti G.; Montaggio: Zampierin Michele; Musica: Debussy Claude; " aVIAGGIO ALL'INTERNO DI MONASTERI SACRALITA' DELL'UOMO ALL'INTERNO DEL MONASTERO QUESTO DOCUMENTARIO E' RIVOLTO SOPRATTUTTO AI GIOVANI ALLA RICERCA DEI PERCHE' E DEL CHE COSA CERCARE MESSAGGIO DI SPERANZA aPAL, STEREO aITALIANO aDOCUMENTARIOeTV-PROGRAMMI RELIGIOSI [VHS]xCodice MATERIA SPICS: 9963 aDebussy Claudee(musica)gCodice Musica SPICS: 7486 aZardetto Mauro e(regista)gCodice regista SPICS: 29723 aZardetto Mauro e(soggetto)gCodice Soggetto SPICS: 29723